000 00429nmm a2200145Ia 4500
008 251105s9999||||xx |||||||||||||||||und||
041 _aspa
100 _aPrades Celma, Josep Lluís
245 0 _aLa filosofía de la ciencia
264 _a[Madrid, España] :
_bUniversitat Oberta de Catalunya,
_c2016
300 _a80 páginas
650 _aSciences
856 _uhttps://public.digitaliapublishing.com/a/43980
942 _cCF
999 _c106252
_d106252